00880nam a22004212 4500001001100000005001700011008004100028020001700069040001500086245011500101250001300216260002500229300001600254650003000270700003200300700003100332700003500363852000300398852000300401852000300404852000300407852000300410852000300413852000300416852000300419852000300422852000300425852000300428852000300431852000300434852000300437852000300440852000300443852000300446852000300449852000300452852000300455000002539220151217160745.0150831s xx 000 0 eng d a0199654574 : aKABUcKABU10aInternational Human Rights Law /cedited by Daniel Moeckli, Sangeeta Shah, Sandesh Sivakumaran & David Harris. a2nd ed. aUK :bO.U.P.,c2014. axxii,630 p. 0aHuman rights.@00001502981 aDaniel Moeckli.@00001860511 aSangeeta Shah.@00001860521 aSandesh Sivakumar.@00001860531 1 1 1 1 1 1 1 1 1 1 1 1 1 1 1 1 1 1 1